[Event "HangZhou GM Tournament 2022"]
[Site "HangZhou"]
[Date "2022.04.01"]
[Round "9.2"]
[White "Bai, Jinshi"]
[Black "Ding, Liren"]
[Result "1/2-1/2"]
[WhiteElo "2593"]
[BlackElo "2799"]
[Annotator "TA"]
[PlyCount "146"]
[EventDate "2022.03.28"]
[EventType "tourn"]
[EventCountry "CHN"]
[SourceTitle "playchess.com"]
[Source "ChessBase"]
[SourceQuality "1"]

{[%evp 18,146,0,0,0,0,0,0,0,0,10,0,-6,-11,-5,-16,-16,-16,-16,-28,-18,-24,-16,-25,-16,-25,-17,-16,-21,-26,-21,-22,-11,-12,-14,-15,-14,-6,-5,-4,-11,-8,-3,-3,-3,-10,0,0,0,-2,-2,-2,-2,-2,-3,-2,0,0,0,0,0,0,0,-5,0,0,0,-30,-8,-21,0,-16,-8,-8,-8,-8,-8,-8,-8,-2,0,-35,-35,-42,-36,-42,-36,-35,-35,-61,-41,-49,-48,-45,-8,-8,-8,-8,-8,-8,-8,-10,-16,-16,0,0,0,0,0,0,0,0,0,0,0,0,0,0,0,0,0,0,0,0,0,0,0,0,0,0,0]} 1. d4 Nf6 2. Nf3 d5 3. c4 e6 4. Nc3 c6 5. e3 Nbd7 6. Qc2 Bd6 7. Be2 O-O 8. O-O dxc4 9. a4 e5 10. Bxc4 exd4 {D46: Semi-Slav: 5 e3 Nbd7 6 Bd3, Black avoids the Meran.} 11. exd4 Nb6 12. Bb3 Nbd5 13. Bg5 Be6 {[#]} 14. Ne4 $5 $146 {[%mdl 8] New and interesting.} ({Predecessor:} 14. Nxd5 cxd5 15. Qd3 Be7 16. Ne5 Ne4 17. Bxe7 Qxe7 18. f3 Nd6 19. Rfe1 Rac8 20. a5 Qg5 21. Rad1 Rfd8 22. g3 Nc4 23. Bc2 g6 24. Nxc4 Rxc4 25. Bb3 {½-½ (25) Mamedyarov,S (2804)-Matlakov,M (2718) Wijk aan Zee 2018}) 14... Bf5 (14... Re8 {keeps more tension.} 15. Rfe1 Bb4 16. Nxf6+ gxf6 17. Bd2 Bxd2 18. Qxd2 Qd6) 15. Nxf6+ {[#]} (15. Bxd5 {feels hotter.} cxd5 16. Nxf6+ Qxf6 17. Qd2) 15... Qxf6 $1 16. Bxf6 (16. Qd2 Qe6) 16... Bxc2 17. Bxc2 Nxf6 18. Rfe1 g6 19. Bb3 Kg7 20. Rad1 Rac8 21. g3 Rfd8 22. Ne5 Rc7 23. Kg2 Bb4 24. Re3 Ba5 25. Nc4 Bb6 26. Nxb6 axb6 27. Bc2 Nd5 28. Rb3 Ra8 29. Be4 Nf6 30. Bf3 Rxa4 31. Rxb6 Rd7 32. h4 h6 33. Rd3 g5 34. hxg5 hxg5 35. Rdb3 g4 36. Be2 Rdxd4 {[#] Strongly threatening ...Rd2.} 37. Rxb7 Rd2 38. Re3 Nd5 39. Re8 Rad4 40. f3 gxf3+ 41. Kxf3 Rc2 42. Rb3 Nc7 43. Ree3 Ne6 44. Rbc3 Rdd2 45. Rxc2 (45. Bc4 {is interesting.} Rf2+ 46. Ke4 Ng5+ 47. Ke5) 45... Rxc2 $11 {[%mdl 4096] Endgame KRB-KRN} 46. Rc3 Rxb2 47. Ke3 {Inhibits Nd4.} c5 48. Bg4 Rb6 49. Kd3 Rd6+ 50. Ke4 Rd4+ 51. Kf5 Kf8 52. Be2 Ke7 53. Ra3 Rb4 {aiming for ...Nd4+.} 54. Ra7+ Kd6 {Threatens to win with ...Nd4+.} 55. Kf6 Rb2 56. Ra6+ {The position is equal.} Kd5 57. Bf3+ Kd4 {Hoping for ...Rf2.} 58. Rd6+ Kc3 {White must now prevent ...Rf2.} 59. Bd5 Rf2+ 60. Ke7 Rf1 61. Bxe6 fxe6 62. Kxe6 {KR-KR} Rg1 63. Kd5 c4 64. Rc6 Rd1+ 65. Ke5 Rd4 {And now ...Rg4 would win.} 66. Kf5 {Prevents Rg4.} Kd3 67. g4 {[%cal Bg3g4,Bg4g5,Bg5g6][%mdl 32]} c3 68. g5 c2 {( -> ...Rc4)} 69. g6 Rd8 70. g7 Kd2 71. Rxc2+ Kxc2 72. Kf6 Rg8 73. Kf7 Rxg7+ {Weighted Error Value: White=0.04 (flawless) /Black=0.04 (flawless)} 1/2-1/2

[Event "HangZhou GM Tournament 2022"]
[Site "HangZhou"]
[Date "2022.04.02"]
[Round "10.1"]
[White "Li, Di"]
[Black "Ding, Liren"]
[Result "1/2-1/2"]
[WhiteElo "2579"]
[BlackElo "2799"]
[Annotator "TA"]
[PlyCount "71"]
[EventDate "2022.03.28"]
[EventType "tourn"]
[EventCountry "CHN"]
[SourceTitle "playchess.com"]
[Source "ChessBase"]
[SourceQuality "1"]

{[%evp 13,71,-2,20,-43,0,-7,10,0,0,0,0,0,0,0,0,-1,0,0,14,-18,21,12,31,18,16,12,90,0,59,60,48,72,43,-19,-33,-22,-41,-29,0,0,0,0,0,0,0,0,0,0,0,0,43,43,56,56,56,56,56,56,56,56]} 1. d4 Nf6 2. c4 e6 3. Nf3 d5 4. Nc3 c6 {[%cal Bc7c6,Bc6c5,Bc5c4][%mdl 32]} 5. Qb3 dxc4 6. Qxc4 b5 7. Qd3 a6 8. g4 {D43: Semi-Slav: 5 Bg5 h6.} ({White should play} 8. e4 $11) 8... c5 9. g5 {[#]} c4 $1 10. Qe3 {The position is equal.} (10. Qc2 Nd5) 10... Nd5 11. Nxd5 Qxd5 12. Bg2 {aiming for Nh4.} Bb4+ 13. Kf1 Bb7 14. h4 {[#]} Qf5 $146 ({Predecessor:} 14... Qe4 15. Qxe4 Bxe4 16. Ne5 Bxg2+ 17. Kxg2 f6 18. Nf3 Nc6 19. a4 O-O-O 20. e4 Kb7 {½-½ (34) Siddharth,J (2331)-Petkov,M (2457) Arandjelovac 2022}) 15. a3 Bd6 16. h5 Nd7 (16... h6 $5) 17. h6 Rg8 18. hxg7 Rxg7 19. Rh6 Kf8 {[#]} (19... Be7 $11) 20. Bd2 ({Better is} 20. Bh1 $1 $16 {Threatens to win with Nh4.} Rb8 {[#]} 21. Nh4 $1) 20... Kg8 (20... Be7 $11) 21. Bh3 $14 Qe4 22. Qxe4 Bxe4 23. Bxe6 fxe6 $11 24. Rxe6 Bxf3 25. Rxd6 Bb7 26. a4 Nf8 27. axb5 Rg6 28. Rxg6+ hxg6 29. bxa6 Rxa6 30. Rxa6 Bxa6 31. d5 Nd7 (31... c3 $5 32. Bxc3 Bc4 $15) 32. Bc3 {White is slightly better.} Bb7 33. e4 Nb6 34. Ke2 Nxd5 35. exd5 Bxd5 36. Ke3 {Weighted Error Value: White=0.15 (very precise) /Black=0.20 (precise)} 1/2-1/2

[Event "HangZhou GM Tournament 2022"]
[Site "HangZhou"]
[Date "2022.04.02"]
[Round "10.2"]
[White "Bai, Jinshi"]
[Black "Xu, Xiangyu"]
[Result "1/2-1/2"]
[WhiteElo "2593"]
[BlackElo "2564"]
[Annotator "RC"]
[PlyCount "119"]
[EventDate "2022.03.28"]
[EventType "tourn"]
[EventCountry "CHN"]
[SourceTitle "playchess.com"]
[Source "ChessBase"]
[SourceQuality "1"]
[TimeControl "5400+30"]

1. d4 {[%emt 0:00:05]} d5 {[%emt 0:00:07]} 2. Nf3 {[%emt 0:00:21]} Nf6 {[%emt 0:01:57]} 3. c4 {[%emt 0:00:19]} dxc4 {[%emt 0:00:10]} 4. e3 {[%emt 0:00:15]} e6 {[%emt 0:00:08]} 5. Bxc4 {[%emt 0:00:09]} c5 {[%emt 0:00:07]} 6. O-O {[%emt 0:00:38]} a6 {[%emt 0:04:06]} 7. Nc3 {[%emt 0:00:21]} Nc6 {[%emt 0:03:32]} 8. d5 {[%emt 0:02:11]} Na5 {[%emt 0:05:40]} 9. b3 {[%emt 0:00:25]} b5 {[%emt 0:00:24]} 10. Bd3 {[%emt 0:00:25]} Nxd5 {[%emt 0:04:32]} 11. Nxd5 {[%emt 0:00:18]} exd5 {[%emt 0:00:11]} 12. Bb2 {[%emt 0:00:32]} Bg4 {[%emt 0:07:01]} 13. h3 {[%emt 0:05:27]} Be6 {[%emt 0:00:29]} 14. Qc2 {[%emt 0:06:14]} Rc8 {[%emt 0:16:08]} 15. Rfd1 {[%emt 0:11:44]} c4 {[%emt 0:06:58]} 16. bxc4 {[%emt 0:02:15]} Nxc4 {[%emt 0:04:07]} 17. Bxc4 {[%emt 0:07:44]} Rxc4 {[%emt 0:00:20]} 18. Qd3 {[%emt 0:05:21]} f6 {[%emt 0:05:58]} 19. a4 {[%emt 0:09:46]} Bc5 {[%emt 0:05:07]} 20. axb5 {[%emt 0:04:55]} axb5 {[%emt 0:00:08]} 21. Nd2 {[%emt 0:03:33]} Qc8 {[%emt 0:00:27]} 22. Nxc4 {[%emt 0:01:23]} dxc4 {[%emt 0:00:10]} 23. Qe4 {[%emt 0:03:47]} O-O {[%emt 0:00:27]} 24. Bd4 {[%emt 0:00:09]} Bxd4 {[%emt 0:03:35]} 25. Rxd4 {[%emt 0:13:25]} b4 {[%emt 0:02:33]} 26. Rd6 {[%emt 0:02:13]} Bf7 {[%emt 0:01:49]} 27. Rc6 {[%emt 0:00:24]} Qb8 {[%emt 0:03:32]} 28. Rxc4 {[%emt 0:02:32]} Bxc4 {[%emt 0:00:09]} 29. Qxc4+ {[%emt 0:00:03]} Kh8 {[%emt 0:00:10]} 30. Rb1 {[%emt 0:00:15]} Rd8 {[%emt 0:01:11]} 31. Qxb4 {[%emt 0:04:47]} Qxb4 {[%emt 0:03:37]} 32. Rxb4 {[%emt 0:00:04]} h5 {[%emt 0:01:19]} 33. Rb5 {[%emt 0:03:14]} g6 {[%emt 0:00:12]} 34. Rb7 {[%emt 0:00:08]} Rd1+ {[%emt 0:01:13]} 35. Kh2 {[%emt 0:01:10]} h4 {[%emt 0:00:07]} 36. Rf7 {[%emt 0:03:52]} Rd6 {[%emt 0:02:00]} 37. g3 {[%emt 0:00:19]} hxg3+ {[%emt 0:00:21]} 38. Kxg3 {[%emt 0:00:03]} Kg8 {[%emt 0:00:08]} 39. Ra7 {[%emt 0:00:03]} Rd1 {[%emt 0:00:25]} 40. e4 {[%emt 0:00:59]} Rg1+ {[%emt 0:02:03]} 41. Kh2 {[%emt 0:00:26]} Re1 {[%emt 0:00:09]} 42. f3 {[%emt 0:00:06]} Kf8 {[%emt 0:00:55]} 43. h4 {[%emt 0:00:41]} Kg8 {[%emt 0:01:21]} 44. Ra2 {[%emt 0:01:24]} Kf7 {[%emt 0:00:41]} 45. Kg3 {[%emt 0:00:05]} Rg1+ {[%emt 0:00:49]} 46. Rg2 {[%emt 0:00:07]} Rh1 {[%emt 0:00:51]} 47. Rh2 {[%emt 0:00:07]} Rg1+ {[%emt 0:01:16]} 48. Kf4 {[%emt 0:00:04]} Ra1 {[%emt 0:01:02]} 49. Rb2 {[%emt 0:00:47]} Rh1 {[%emt 0:00:23]} 50. Rb7+ {[%emt 0:00:17]} Kg8 {[%emt 0:00:56]} 51. e5 {[%emt 0:00:36]} Rxh4+ {[%emt 0:04:54]} 52. Kg3 {[%emt 0:00:07]} Rh5 {[%emt 0:00:31]} 53. exf6 {[%emt 0:00:54]} Rg5+ {[%emt 0:00:07]} 54. Kh4 {[%emt 0:00:37]} Rf5 {[%emt 0:00:08]} 55. Rg7+ {[%emt 0:00:13]} Kf8 {[%emt 0:00:07]} 56. Rxg6 {[%emt 0:00:04]} Rxf3 {[%emt 0:00:57]} 57. Rg3 {[%emt 0:00:12]} Rxg3 {[%emt 0:00:06]} 58. Kxg3 {[%emt 0:00:02]} Kf7 {[%emt 0:00:05]} 59. Kf4 {[%emt 0:00:02]} Kxf6 {[%emt 0:00:40]} 60. Ke4 {[%emt 0:11:51]} 1/2-1/2

[Event "HangZhou GM Tournament 2022"]
[Site "HangZhou"]
[Date "2022.04.03"]
[Round "11.1"]
[White "Li, Di"]
[Black "Xu, Xiangyu"]
[Result "1/2-1/2"]
[WhiteElo "2579"]
[BlackElo "2564"]
[Annotator "TA"]
[PlyCount "61"]
[EventDate "2022.03.28"]
[EventType "tourn"]
[EventCountry "CHN"]
[SourceTitle "playchess.com"]
[Source "ChessBase"]
[SourceQuality "1"]

{[%evp 10,61,22,0,8,0,13,0,0,0,6,-2,0,0,0,0,0,0,-7,-18,-35,-14,-19,-13,-18,-14,-12,-14,-18,-10,-6,-16,-20,-10,-22,-8,-17,-1,0,0,0,0,0,0,0,0,0,0,0,0,0,0,0,0]} 1. d4 Nf6 2. c4 e6 3. Nc3 Bb4 4. Nf3 O-O 5. Bg5 {[%cal Bc1g5,Bg5h4,Bh4g3][%mdl 32]} c5 6. Rc1 cxd4 {E21: Nimzo-Indian: 4 Nf3.} 7. Nxd4 h6 8. Bh4 d5 9. cxd5 g5 10. Bg3 Qxd5 11. e3 Qxa2 12. Bd3 $1 {[%mdl 4] Black must now prevent 0-0. now scores much better than the old 12.Qc2.} ({Of course not} 12. Qd2 Ne4 $1 13. Qc2 Bxc3+ 14. bxc3 Qxc2 15. Rxc2 Nxg3 16. hxg3 Kg7 $17) 12... Qxb2 13. O-O $1 {Ne4 is the strong threat.} Bxc3 14. Rc2 Qb4 15. Nb5 {[%cal Bd4b5,Bb5d6,Bd6f7][%mdl 32] [#]} e5 $1 {[%cal Ob8c6] The position is equal.} 16. Rxc3 {[%cal Bc2c3,Bc3b3,Bb3e3,Be3e1][%mdl 32]} Nc6 {Threatens to win with ...Rd8.} 17. f4 {[#] Strongly threatening fxg5.} a6 $146 ({Predecessor:} 17... Bg4 18. Qc2 exf4 19. exf4 Nd5 20. fxg5 Nxc3 21. Nxc3 Rad8 22. Kh1 Qd4 23. Bh7+ Kh8 {0-1 (33) Mamedyarov,S (2770)-Nakamura,H (2736) chess24.com INT 2021}) 18. Rb3 Qe7 19. fxg5 Ng4 20. Nd6 Nxe3 (20... Qxd6 $2 {[#]} 21. Bh7+ $1 {[%mdl 512]} Kxh7 22. Qxd6 $18) 21. Bh7+ {[%mdl 64] Discovered Attack} Kxh7 22. Rxe3 {aiming for Rf6. Really sharp!} Qxg5 23. Qb3 {And now Ne4 would win.} Qg6 24. Rxf7+ Rxf7 25. Nxf7 Nd4 26. Qd5 ({Don't play} 26. Nxe5 Nxb3 27. Nxg6 Kxg6 $17) 26... Qb1+ 27. Re1 Ne2+ 28. Kf2 Qf5+ 29. Kxe2 Be6 $1 30. Qxb7 {Nd6+ would kill now.} Bc4+ 31. Kd2 {A balanced but interesting game.  Weighted Error Value: White=0.02 (flawless) /Black=0.00 (flawless)} 1/2-1/2

[Event "HangZhou GM Tournament 2022"]
[Site "HangZhou"]
[Date "2022.04.03"]
[Round "11.2"]
[White "Ding, Liren"]
[Black "Bai, Jinshi"]
[Result "1-0"]
[WhiteElo "2799"]
[BlackElo "2593"]
[Annotator "TA"]
[PlyCount "93"]
[EventDate "2022.03.28"]
[EventType "tourn"]
[EventCountry "CHN"]
[SourceTitle "playchess.com"]
[Source "ChessBase"]
[SourceQuality "1"]

{[%evp 10,93,12,12,12,13,27,18,35,21,30,25,24,30,17,14,21,14,18,9,24,0,0,11,22,14,18,0,7,7,0,1,1,1,5,0,0,0,0,0,0,7,8,6,13,15,16,8,11,5,6,11,7,3,2,0,13,0,0,0,0,0,0,-5,0,0,0,0,0,0,0,0,4,0,12840,12840,12845,12845,12845,12846,12848,389,12842,12842,12843,373]} 1. c4 c5 2. g3 g6 3. Bg2 Bg7 4. Nc3 Nf6 5. e3 O-O 6. Nge2 e6 {A34: Symmetrical English: 2 Nc3, lines with ...d5.} 7. O-O d5 8. b3 $5 {[%mdl 4] Exploring less charted territory.} Re8 {The position is equal.} 9. d4 cxd4 10. exd4 Nc6 {[#]} 11. Re1 $146 ({Predecessor:} 11. Rb1 e5 12. Bg5 Bf5 13. dxe5 Nxe5 14. Nxd5 Bxb1 15. Qxb1 Neg4 16. Nef4 Qd6 17. Nxf6+ Bxf6 18. Bxf6 Nxf6 19. Bxb7 {½-½ (24) Bolda,G (2275)-Almarza Mato,C (2144) ICCF email 2020}) 11... dxc4 12. bxc4 Na5 13. c5 Bd7 $1 {Inhibits Nb5.} 14. Rb1 Re7 15. Nb5 ({Of course not} 15. Bxb7 Nxb7 16. Rxb7 {[#]} Ba4 $1 17. Qxa4 Rxb7 $15) (15. Bg5 {is more complex.} Bc6 16. d5 exd5 17. Nf4) 15... Bc6 16. Bxc6 Nxc6 17. Nd6 b6 18. Bg5 h6 19. Bxf6 Bxf6 20. d5 Ne5 {[#] Hoping for ...Nf3+.} 21. Nf4 {dxe6 is the strong threat.} bxc5 22. dxe6 fxe6 23. Ne4 {[%csl LRc5,LRf6] Pair of Knights!} Qxd1 24. Rexd1 Kf7 25. Nxc5 g5 26. Nfd3 Rc7 27. Nxe5+ Bxe5 28. Ne4 Ke7 29. Rb5 Bg7 30. Kg2 Rf8 31. Rdb1 (31. Rc5 {looks sharper.} Rfc8 32. Ra5 Rb8 33. Kh3) 31... Rd8 32. Kh3 Bd4 33. Kg4 Rc2 {[%csl LRa2,LRf2]} 34. a4 Bxf2 35. Kh5 Bb6 36. R1b2 Rc4 37. a5 Rxe4 38. axb6 axb6 39. Rxb6 $11 {[%mdl 4096] Endgame KRR-KRR} Rd5 40. Kxh6 {White wants to play Kg6.} g4 41. Kg6 Red4 $2 {[%mdl 8192]} (41... Ree5 $11 42. Rb7+ Kd6) 42. Rf2 $18 Rd7 43. Rf7+ Kd8 44. Rxe6 Rd2 45. Rf8+ Kc7 46. Rh8 Rf2 47. Re4 $2 {Weighted Error Value: White=0.14 (very precise) /Black=0.02 (flawless)} (47. Rf6 Rfd2 48. Ra8) 1-0

[Event "HangZhou GM Tournament 2022"]
[Site "HangZhou"]
[Date "2022.04.03"]
[Round "12.1"]
[White "Bai, Jinshi"]
[Black "Li, Di"]
[Result "1/2-1/2"]
[WhiteElo "2593"]
[BlackElo "2579"]
[Annotator "ChessBase"]
[PlyCount "59"]
[EventDate "2022.03.28"]
[EventType "tourn"]
[EventCountry "CHN"]
[SourceTitle "playchess.com"]
[Source "ChessBase"]
[SourceQuality "1"]
[TimeControl "5400+30"]

1. d4 {[%emt 0:00:05]} Nf6 {[%emt 0:00:06]} 2. c4 {[%emt 0:00:35]} e6 {[%emt 0:00:07]} 3. g3 {[%emt 0:00:40]} d5 {[%emt 0:00:28]} 4. Bg2 {[%emt 0:00:08]} Be7 {[%emt 0:00:06]} 5. Nf3 {[%emt 0:02:04]} O-O {[%emt 0:00:12]} 6. Qc2 {[%emt 0:03:03]} c5 {[%emt 0:01:21]} 7. dxc5 {[%emt 0:01:21]} Nc6 {[%emt 0:04:12]} 8. cxd5 {[%emt 0:02:09]} Qxd5 {[%emt 0:01:28]} 9. O-O {[%emt 0:02:13]} Qxc5 {[%emt 0:00:39]} 10. Nc3 {[%emt 0:14:29]} Qh5 {[%emt 0:06:47]} 11. Rd1 {[%emt 0:24:19]} e5 {[%emt 0:10:24]} 12. Bg5 {[%emt 0:01:21]} Be6 {[%emt 0:00:26]} 13. Bxf6 {[%emt 0:12:42]} Bxf6 {[%emt 0:00:33]} 14. Ne4 {[%emt 0:00:12]} Be7 {[%emt 0:00:29]} 15. Nc5 {[%emt 0:05:47]} Bf5 {[%emt 0:02:10]} 16. Qc4 {[%emt 0:00:22]} Rac8 {[%emt 0:03:14]} 17. Nxb7 {[%emt 0:01:50]} Nd4 {[%emt 0:11:18]} 18. Qd5 {[%emt 0:03:03]} Nxe2+ {[%emt 0:01:14]} 19. Kh1 {[%emt 0:01:01]} e4 {[%emt 0:01:04]} 20. Ne5 {[%emt 0:09:20]} Rc2 {[%emt 0:07:04]} 21. Nc6 {[%emt 0:03:11]} Bf6 {[%emt 0:09:11]} 22. Nd6 {[%emt 0:00:14]} Nxg3+ {[%emt 0:16:46]} 23. fxg3 {[%emt 0:00:05]} Rxg2 {[%emt 0:00:31]} 24. Kxg2 {[%emt 0:00:09]} Qf3+ {[%emt 0:00:49]} 25. Kg1 {[%emt 0:00:04]} Qe3+ {[%emt 0:00:07]} 26. Kg2 {[%emt 0:00:52]} Qe2+ {[%emt 0:00:22]} 27. Kg1 {[%emt 0:00:14]} Qe3+ {[%emt 0:00:06]} 28. Kg2 {[%emt 0:00:04]} Qf3+ {[%emt 0:00:07]} 29. Kg1 {[%emt 0:00:05]} Qe3+ {[%emt 0:00:05]} 30. Kg2 {[%emt 0:00:09]} 1/2-1/2

[Event "HangZhou GM Tournament 2022"]
[Site "HangZhou"]
[Date "2022.04.03"]
[Round "12.2"]
[White "Xu, Xiangyu"]
[Black "Ding, Liren"]
[Result "0-1"]
[WhiteElo "2564"]
[BlackElo "2799"]
[Annotator "TA"]
[PlyCount "114"]
[EventDate "2022.03.28"]
[EventType "tourn"]
[EventCountry "CHN"]
[SourceTitle "playchess.com"]
[Source "ChessBase"]
[SourceQuality "1"]

{[%evp 9,114,0,0,0,0,0,0,0,28,10,22,8,29,31,19,25,28,26,30,23,42,0,0,-21,-25,-13,-15,-16,-20,-5,-4,-31,-39,-45,-47,-96,-50,-90,-32,-47,0,0,0,0,0,0,0,-57,-51,-65,-63,-63,-63,-108,-88,-133,-114,-145,-138,-161,-161,-161,-104,-110,-49,-50,-57,-58,-39,-36,-28,-30,-12,-10,0,0,0,0,0,0,0,0,-4,-66,-34,-81,-65,-83,-75,-116,-113,-189,-186,-178,-182,-4208,-5077,-29963,-29961,-29972,-1070,-5089,-782,-1793,-1197,-29974,-12594]} 1. d4 Nf6 2. c4 e6 3. Nf3 d5 4. g3 Bb4+ 5. Nbd2 dxc4 6. a3 {E01: Catalan: Early deviations.} Bxd2+ 7. Bxd2 Bd7 8. e3 {[#] The position is equal.} b5 $146 ({Predecessor:} 8... Bb5 9. b3 Qd5 10. bxc4 Bxc4 11. Bxc4 Qxc4 12. Rc1 Qa6 13. Rxc7 Nc6 14. Qb3 Rb8 15. Rxf7 Nxd4 16. exd4 Kxf7 {0-1 (29) Papaioannou,I (2652)-Lupulescu,C (2620) Heraklion 2017}) 9. b3 cxb3 {[%cal Oc7c5]} 10. Qxb3 a6 {[%cal Oc7c5]} 11. Ne5 Nc6 12. Bg2 Nxe5 13. dxe5 Nd5 14. Ba5 ({Much worse is} 14. Bxd5 exd5 15. Qxd5 O-O $11) 14... O-O 15. O-O (15. Rc1 $5 {[%cal Re1g1]}) 15... Qc8 16. Rac1 c5 17. Bxd5 exd5 18. Qxd5 c4 19. f3 Re8 20. Rcd1 Bh3 21. Rf2 Ra7 22. g4 (22. Qe4 $15 {should be considered.}) 22... h5 ({Black should try} 22... Rae7 $17 {[%cal Oh7h5]} 23. e4 (23. Bc3 h5 $17) 23... Rxe5) 23. Rfd2 hxg4 (23... Rae7 $1 $17 24. Qd4 Rxe5) 24. Qe4 $1 $15 {Strongly threatening Rd8.} c3 (24... gxf3 $2 25. Rd8 $18) (24... f5 $15 {deserves consideration.} 25. Qd5+ Kh8) 25. Rd8 $11 c2 $1 26. Rxe8+ Qxe8 {Really sharp!} 27. Qxc2 {Black must now prevent Rd8.} Rd7 $36 {[%mdl 2048] Inhibits Rd8. White is under pressure.} (27... gxf3 $2 28. Rd8 Qxd8 29. Bxd8 $18) 28. fxg4 (28. f4 $11) 28... Bxg4 $15 29. Rd4 Rxd4 30. exd4 Qa8 31. Qd3 Qd5 32. Bb4 Bd7 33. Kf2 Bc6 34. Ke3 Qf3+ 35. Kd2 Qf2+ (35... Qf4+ $1 $19 36. Qe3 Qxh2+ 37. Qe2 Qf4+ 38. Qe3 Qh2+ 39. Qe2 Qh3) 36. Kc3 $17 Qxh2 {&Nero is more active.} (36... Qa2 $17 {[%cal Oa6a5]} 37. Bc5 Qa1+ 38. Kd2 Bd5) 37. Bd6 $1 $15 Qh1 38. Kb4 Qe1+ 39. Kc5 Be4 {aiming for ...Qc1+.} 40. Qb3 Qc1+ 41. Kb6 Qc6+ 42. Ka5 Bd5 43. Qb4 Bc4 44. Qc5 Qb7 45. Bc7 Kh7 46. Qe7 (46. Bd6 $11) 46... Qe4 (46... g5 $5 {[%cal Rb5b4]} 47. Qc5 Qe4 $17) 47. Qc5 (47. Qd6 $15 {might be stronger.}) 47... g5 $17 {[%cal Bg7g5,Bg5g4,Bg4g3,Bg3g2][%mdl 32]} 48. Kxa6 {[%cal Oa3a4]} g4 49. Ka7 {[%cal Oe5e6] [#]} Be6 $1 ({Reject} 49... g3 $6 50. e6 Qxe6 51. Qh5+ Kg8 52. Qg5+ Kf8 53. Qxg3 $11) 50. Bb6 (50. d5 $17 Bxd5 51. Qf2) 50... g3 $19 51. d5 Bxd5 52. Qc3 $2 (52. Qxb5 Qxe5 53. Qd7) 52... Qa4+ 53. Ba5 g2 54. Qh3+ Kg6 (54... Kg7 $142 55. Qg3+ Kf8 56. Ka6 b4 57. Qe3 Qc6+ 58. Bb6 b3 59. Ka5 b2 60. Qe1 Qc2 61. Qh4 Qd2+ 62. Qb4+ Qxb4+ 63. axb4 b1=Q 64. Be3 g1=Q 65. Bxg1 Qxg1 66. e6 Qc1 67. b5 Qc7+ 68. b6 Qc5+ 69. Ka4 Qxb6 70. e7+ Kxe7 71. Ka3 Qb3#) 55. Qd3+ Kg5 (55... Kg7 $142 56. Ka6 {[#]} g1=Q $1 57. Qxd5 Qg6+ 58. e6 Qxe6+ 59. Qxe6 fxe6) 56. Qe3+ Kg4 {Threatens to win with ...b4.} 57. Kb8 Qxa5 {Weighted Error Value: White=0.72/Black=0.39} 0-1